ბათუმის შოთა რუსთაველის სახელმწიფო უნივერსიტეტის ბიბლიოთეკა

The Foreign Policy Of The European Union.Assessing Europe's Role in the World. / (ბიბ.ჩანაწერი № 45346)

000 -LEADER
fixed length control field 00877nam a2200241Ia 4500
001 - CONTROL NUMBER
control field 12170
003 - CONTROL NUMBER IDENTIFIER
control field GE_BSU
005 - DATE AND TIME OF LATEST TRANSACTION
control field 20221118144611.0
008 - FIXED-LENGTH DATA ELEMENTS--GENERAL INFORMATION
fixed length control field 181216s2012en xx |||||||||||||| ||eng||
020 ## - INTERNATIONAL STANDARD BOOK NUMBER
International Standard Book Number 9780815722526x
040 ## - CATALOGING SOURCE
Transcribing agency GE_BSU
041 ## - LANGUAGE CODE
Language code of text/sound track or separate title eng
080 ## - UNIVERSAL DECIMAL CLASSIFICATION NUMBER
Universal Decimal Classification number 327 T- 44
245 #4 - TITLE STATEMENT
Title The Foreign Policy Of The European Union.Assessing Europe's Role in the World. /
Statement of responsibility, etc. Federica Bindi,Irina Angelescu Editors.
250 ## - EDITION STATEMENT
Edition statement Second edition.
264 ## - PRODUCTION, PUBLICATION, DISTRIBUTION, MANUFACTURE, AND COPYRIGHT NOTICE
Place of production, publication, distribution, manufacture Washington,
Date of production, publication, distribution, manufacture, or copyright notice 2012.
300 ## - PHYSICAL DESCRIPTION
Extent 367 p.:
Other physical details 23 cm.
653 ## - INDEX TERM--UNCONTROLLED
keyword The Foreign Policy Of The European Union.Assessing Europe's Role in the World.
653 ## - INDEX TERM--UNCONTROLLED
keyword ევროპის როლის შეფასება მსოფლიოში
700 ## - ADDED ENTRY--PERSONAL NAME
Personal name Bindi, Federica
Relator term რედაქტორი
9 (RLIN) 15925
700 ## - ADDED ENTRY--PERSONAL NAME
Personal name Angelescu, Irina
Relator term რედაქტორი
9 (RLIN) 15926
942 ## - ADDED ENTRY ELEMENTS (KOHA)
Koha item type წიგნი
Source of classification or shelving scheme
ეგზემპლარები
Withdrawn status Lost status Source of classification or shelving scheme Damaged status Not for loan Permanent Location Current Location Shelving location Date acquired Cost, normal purchase price Full call number Barcode Date last seen Copy number Price effective from Koha item type Public note
          ბათუმის შოთა რუსთაველის სახელმწიფო უნივერსიტეტის მთავარი ბიბლიოთეკა ბათუმის შოთა რუსთაველის სახელმწიფო უნივერსიტეტის მთავარი ბიბლიოთეკა წიგნსაცავი 2018-12-17 66.00 327 T- 44 36009 2018-12-17 36009 2018-12-17 წიგნი 66ლ.